| 000 | 01003nam a2200229 i 4500 | ||
|---|---|---|---|
| 001 | 12774 | ||
| 003 | ES-MaACL | ||
| 005 | 20230906150408.0 | ||
| 007 | t| | ||
| 008 | 900510s1987 sp |||| | spa j | ||
| 080 | _a061.41 Sevilla "1992" | ||
| 245 | 0 | 0 |
_aInformática y telecomunicaciones _b: prestigio Expo'92. |
| 260 |
_aSevilla : _bSociedad Estatal para la Exposición Universal, Sevilla 1992, _cD.L. 1987. |
||
| 300 |
_a5 v. ; _c30 cm. |
||
| 500 | _aPrecede al tít.: Expo'92 Sevilla. | ||
| 500 | _aTít. tomado de cub. | ||
| 505 | 8 | _aContiene: 1. Tecnología de la información: evolución y tendencias - 2. I.T. Expo 92 : acciones de prestigio - 2. (Informe) [sic] Análisis de la estrategia tecnológica andaluza.- 3. I.T. Expo 92: un horizonte para Andalucía - 4. Resumen y conclusiones | |
| 611 | 2 | 7 |
_aExpo'92 ( _cSevilla) _9646 |
| 710 | 2 |
_aSociedad Estatal para la Exposición Universal de Sevilla 1992. _96764 |
|
| 711 | 2 |
_aExpo'92 ( _cSevilla) _9646 |
|
| 852 |
_aES-MaACL _jL-19961-65 |
||
| 999 |
_c12774 _d12774 |
||